[Event "Open"]
[Site "Kiel GER"]
[Date "2006.07.22"]
[Round "2"]
[White "Bendfeldt,T"]
[Black "Jochens,A"]
[Result "0-1"]
[WhiteElo "2075"]
[BlackElo "2218"]

1.d4 Nf6 2.c4 g6 3.Nc3 Bg7 4.e4 d6 5.Be2 O-O 6.Nf3 e5 7.Be3 h6 8.dxe5 dxe5
9.Qxd8 Rxd8 10.c5 Nc6 11.O-O Be6 12.Rad1 a6 13.a3 Ng4 14.Bc1 Nd4 15.h3 Nf6
16.Be3 Nxe2+ 17.Nxe2 Nxe4 18.b4 Bc4  0-1

[Event "Czech Open A"]
[Site "Pardubice CZE"]
[Date "2006.07.22"]
[Round "2"]
[White "Pick,Step"]
[Black "Korotkjevich,S"]
[Result "0-1"]
[WhiteElo "2217"]
[BlackElo "2326"]

1.Nf3 Nf6 2.c4 g6 3.Nc3 Bg7 4.e4 d6 5.d4 O-O 6.Be2 Nbd7 7.O-O e5 8.Qc2 Nh5
9.Rd1 Nf4 10.Bf1 c6 11.d5 c5 12.g3 Nh5 13.Rb1 h6 14.Nh4 Bf6 15.Ng2 Bg5 16.f4 exf4
17.gxf4 Bf6 18.Be2 Bd4+ 19.Kh1 Ndf6 20.Bxh5 Nxh5 21.Nb5 Bg7 22.Be3 Bg4 23.Rf1 a6
24.Nc3 b5 25.Nd1 Qe7 26.Nf2 Bf3 27.Kg1 Rfe8 28.e5 dxe5 29.cxb5 Bxg2 30.Kxg2 exf4  0-1

[Event "Czech Open A"]
[Site "Pardubice CZE"]
[Date "2006.07.22"]
[Round "2"]
[White "Behm,S"]
[Black "Levin,Ev"]
[Result "0-1"]
[WhiteElo "2229"]
[BlackElo "2336"]

1.d4 Nf6 2.c4 g6 3.Nc3 Bg7 4.e4 d6 5.Be2 O-O 6.Nf3 e5 7.O-O Na6 8.Be3 Ng4
9.Bg5 Qe8 10.dxe5 dxe5 11.h3 f6 12.Bd2 Nh6 13.c5 c6 14.Bxa6 bxa6 15.Na4 Nf7
16.Qe2 Qe7 17.Bc3 Qb7 18.b3 Qb5 19.Qc2 Be6 20.Nd2 Rad8 21.Nb1 Ng5 22.Na3 Qb7
23.Ba5 Rd4 24.f3 Qe7 25.Rad1 f5 26.Rxd4 exd4 27.Qe2 fxe4 28.f4 Nxh3+ 29.gxh3 Bxh3
30.Rf2 Qh4 31.Be1 Rxf4 32.Rxf4 Qxf4 33.Qf2 Qc1 34.Nc4 Be6 35.Qe2 Bd5 36.Nab2 Bh6
37.Nd1 Qg5+ 38.Qg2 Qxg2+ 39.Kxg2 e3+ 40.Kg3 Be4 41.Ne5 Bg7 42.Kf4 Bc2 43.Nb2 g5+  0-1

[Event "10th Battle of Senta 1697 Open"]
[Site "Senta SCG"]
[Date "2006.07.22"]
[Round "2"]
[White "Mirkovic,St"]
[Black "Arsovic,Z"]
[Result "1/2-1/2"]
[WhiteElo "2214"]
[BlackElo "2441"]

1.Nf3 Nf6 2.c4 g6 3.Nc3 Bg7 4.e4 d6 5.d4 O-O 6.Be2 Nbd7 7.O-O e5 8.Be3 Qe7
9.d5 Ng4 10.Bg5 f6 11.Bd2 a5 12.b3 Nc5 13.Ne1 Nh6 14.Rb1 f5 15.f3 Bd7 16.Nd3 Nf7
17.a3 Nxd3 18.Bxd3 Bh6 19.b4 Bxd2 20.Qxd2 axb4 21.axb4 f4 22.Rfc1 g5 23.h3 h5
24.Be2 g4 25.fxg4 hxg4 26.Bxg4 Bxg4 27.hxg4 Kg7 28.Rb3 Qh4 29.Nb5 Ng5 30.Nxc7 Rh8
31.Ne6+ Nxe6 32.dxe6 Ra2 33.Qxa2 Qh1+ 34.Kf2 Qxc1 35.Qa4 Qc2+ 36.Kg1 Qd1+
37.Kf2 Qd2+ 38.Kf3 Kg6 39.e7 Qd1+ 40.Kf2 Qc2+ 41.Kg1 b5 42.Qxb5 Qd1+ 43.Kf2 Qc2+
44.Kg1 Qd1+ 45.Kf2 Qd2+ 46.Kf3 Qd1+  1/2-1/2

[Event "3rd ACT"]
[Site "Amsterdam NED"]
[Date "2006.07.23"]
[Round "9"]
[White "Peelen,P"]
[Black "Gullaksen,E"]
[Result "1/2-1/2"]
[WhiteElo "2352"]
[BlackElo "2387"]

1.d4 Nf6 2.c4 g6 3.Nc3 Bg7 4.e4 d6 5.Nf3 O-O 6.Be2 e5 7.O-O Nh5 8.Bg5 f6
9.Be3 Nf4 10.c5 Nxe2+ 11.Qxe2 exd4 12.Nxd4 dxc5 13.Qc4+ Rf7 14.Qxc5 b6 15.Qd5 Qxd5
16.exd5 f5 17.Ne6 Bxc3 18.bxc3 Bxe6 19.dxe6 Re7 20.Rfe1 Rxe6 21.Bg5 Rxe1+
22.Rxe1 Kf8 23.Re7 h6 24.Bf6 Na6 25.f4 Re8 26.Rh7 Re6 27.Be5 h5 28.Kf2 Re7
29.Rh8+ Kf7 30.Kg3 Nc5 31.Kh4 Ne6 32.Rh7+ Kf8 33.Rh8+ Kf7 34.Rh7+ Ke8 35.Rh8+ Kf7
36.Rh7+  1/2-1/2

[Event "XI Open"]
[Site "Balaguer ESP"]
[Date "2006.07.23"]
[Round "7"]
[White "Ravi,L"]
[Black "Lymar,I"]
[Result "1-0"]
[WhiteElo "2390"]
[BlackElo "2293"]

1.d4 Nf6 2.c4 g6 3.Nc3 Bg7 4.e4 d6 5.Be2 O-O 6.Nf3 e5 7.O-O Nbd7 8.Be3 Re8
9.d5 Ng4 10.Bg5 f6 11.Bc1 Nh6 12.b4 a5 13.bxa5 Rxa5 14.a4 Nf7 15.Ba3 Nc5
16.Nd2 Ra8 17.Bb4 Bd7 18.a5 f5 19.exf5 gxf5 20.Nb3 Na6 21.Ba3 e4 22.Bb2 f4
23.Kh1 Ne5 24.Nxe4 Nxc4 25.Bxg7 Kxg7 26.Bxc4 Rxe4 27.Nd2 Rd4 28.Bxa6 bxa6
29.Qb3 Bb5 30.Qc3 Qf6 31.Rfe1 Rxd5 32.Qxc7+ Kh6 33.Qb7 Rxd2 34.Qxa8 Rxf2
35.Qc8 Be2 36.Ra3  1-0

[Event "Czech Open A"]
[Site "Pardubice CZE"]
[Date "2006.07.23"]
[Round "3"]
[White "Angskog,K"]
[Black "Ryzhov,V UKR"]
[Result "1/2-1/2"]
[WhiteElo "2269"]
[BlackElo "2404"]

1.Nf3 Nf6 2.c4 g6 3.Nc3 Bg7 4.e4 d6 5.d4 O-O 6.Be2 e5 7.Bg5 h6 8.Bh4 exd4
9.Nxd4 Nc6 10.Nxc6 bxc6 11.f3 Be6 12.O-O g5 13.Bf2 Nd7 14.Rc1 Ne5 15.c5 Qb8
16.Rc2 Rd8 17.Rd2 Nc4 18.Bxc4 Bxc4 19.Re1 Be5 20.Qa4 Bb5 21.Qc2 Bf4 22.Rdd1 Qc8
23.Nxb5 cxb5 24.c6 Be5 25.Rd5 a6 26.Bg3 f6 27.Qd2 Kh7 28.Rf1 Rg8 29.Kh1 Rg6
30.b3 Qe8 31.Qc2 Rb8 32.Rdd1 Qe6 33.Qd3 Rb6 34.Qd5 Qxd5 35.exd5 Rb8 36.Rfe1 Rgg8
37.Bxe5 fxe5 38.Re4 a5 39.h4 Rbf8 40.hxg5 hxg5 41.a4 b4 42.Rg4 Rf4 43.Rxf4 gxf4
44.Re1  1/2-1/2

[Event "Czech Open A"]
[Site "Pardubice CZE"]
[Date "2006.07.23"]
[Round "3"]
[White "Gutman,G"]
[Black "Markidis,K"]
[Result "1/2-1/2"]
[WhiteElo "2513"]
[BlackElo "2370"]

1.d4 Nf6 2.Nf3 g6 3.c4 Bg7 4.Nc3 O-O 5.e4 d6 6.Be2 e5 7.d5 a5 8.Bg5 Na6 9.Nd2 Qe8
10.a3 Bd7 11.b3 h5 12.Rb1 Nc5 13.Qc2 Nh7 14.Be3 Qe7 15.b4 axb4 16.axb4 Na4
17.Nb5 Bxb5 18.cxb5 Bf6 19.f3 Bh4+ 20.g3 Bg5 21.Bf2 h4 22.Nc4 Nb6 23.Na5 Rab8
24.Rb3 Qd7 25.Rc3 Bd8 26.f4 Re8  1/2-1/2

[Event "XI Open"]
[Site "Balaguer ESP"]
[Date "2006.07.24"]
[Round "8"]
[White "Krivoshey,S"]
[Black "Vassallo,M"]
[Result "0-1"]
[WhiteElo "2500"]
[BlackElo "2374"]

1.d4 Nf6 2.c4 g6 3.Nc3 Bg7 4.e4 d6 5.Nf3 O-O 6.Be2 e5 7.O-O exd4 8.Nxd4 Re8
9.f3 c6 10.Kh1 Nh5 11.g4 Nf6 12.Bf4 h5 13.g5 Nh7 14.Qd2 Nd7 15.Rad1 Ne5 16.Bg3 Bh3
17.Rf2 Qe7 18.f4 Rad8 19.Bh4 Bc8 20.f5 Qc7 21.Bg3 Qb6 22.Bf4 a6 23.Be3 Qc7
24.Rg2 b5 25.cxb5 axb5 26.a3 Bb7 27.f6 Bf8 28.Rc1 Nc4 29.Bxc4 bxc4 30.Nde2 Qd7
31.Nf4 d5 32.exd5 Qf5 33.Rf2 Rxe3 34.Qxe3 cxd5 35.Qb6 Qc8 36.Nce2 Bc5  0-1

[Event "Open"]
[Site "Kiel GER"]
[Date "2006.07.24"]
[Round "5"]
[White "Marxen,T"]
[Black "Homuth,M"]
[Result "1/2-1/2"]
[WhiteElo "2083"]
[BlackElo "2225"]

1.d4 Nf6 2.c4 g6 3.Nf3 Bg7 4.Nc3 O-O 5.e4 d6 6.Be2 e5 7.O-O Nbd7 8.Be3 Re8
9.Qc2 Ng4 10.Bg5 f6 11.Bh4 h5 12.Bg3 Nh6 13.dxe5 dxe5 14.Rfd1 c6 15.b4 Qc7
16.Rac1 Nf8 17.b5 Bg4 18.Nd2 Ne6 19.Nb3 Bxe2 20.Nxe2 Nf7 21.Qb2 Bh6 22.Rb1 cxb5
23.cxb5 Rac8 24.Rd3 Qc4 25.Rbd1 Qc2 26.Qxc2 Rxc2 27.Nc3 Kg7 28.f3 Rc8 29.Nd5 Rxa2
30.Rf1 a5 31.Bh4 Bg5 32.Bxg5 Nfxg5 33.Rc1 Rxc1+ 34.Nxc1 Rc2 35.Nb3 a4 36.Na5 Nc5
37.Ra3 Nge6 38.Nb6 Rb2 39.Nxa4 Nxa4 40.Rxa4 Rxb5 41.Ra2 Kf7 42.Nc4 Rb4 43.Ne3 Nf4
44.Kf2 h4 45.h3 Nd3+ 46.Kg1 Rb1+ 47.Kh2 Rb2 48.Ra3 Nf4 49.Kg1 Ke6 50.Kf1 Kd7
51.Rc3 Rd2 52.Rb3 Kc7 53.Rc3+ Kd8 54.Rb3 Kc7 55.Rc3+ Kb8 56.Rb3 Kc7 57.Rc3+ Kd8
58.Rb3 Rd3 59.Rxd3+ Nxd3 60.Nd5 f5 61.exf5 gxf5 62.Ne3 f4 63.Nf5 b5 64.Nxh4 b4
65.Ke2 Nc5 66.Ng6 Nd7 67.h4 Ke8 68.h5 Kf7 69.Kd3 Kf6 70.Kc4 Kg5  1/2-1/2

[Event "Czech Open A"]
[Site "Pardubice CZE"]
[Date "2006.07.24"]
[Round "4"]
[White "Studnicka,T"]
[Black "Nemcova,Kat"]
[Result "1-0"]
[WhiteElo "2301"]
[BlackElo "2169"]

1.d4 Nf6 2.c4 g6 3.Nc3 Bg7 4.e4 d6 5.Be2 O-O 6.Nf3 e5 7.Be3 Ng4 8.Bg5 f6
9.Bh4 g5 10.Bg3 Nh6 11.d5 a5 12.Nd2 Na6 13.a3 b6 14.b4 f5 15.exf5 Nxf5 16.Nde4 Bd7
17.Rb1 Nd4 18.O-O axb4 19.axb4 Bf5 20.Bd3 Bg6 21.Ne2 Nf5 22.Qd2 Nb8 23.f3 Nd7
24.Bf2 h6 25.Ra1 Rxa1 26.Rxa1 Ne7 27.N2c3 Nf6 28.Nxf6+ Bxf6 29.Ra7 Bf7 30.Be4 Qb8
31.Qa2 Rc8 32.g3 Kg7 33.Qa6 h5 34.Rb7 Qa8 35.Ra7 Qb8 36.Rb7 Qa8 37.Qxa8 Rxa8
38.Rxc7 h4 39.Kg2 Kf8 40.Bxb6 Nc8 41.Bf2 Rb8 42.Nb5 Bd8 43.Rxc8 Rxc8 44.Nxd6 Rb8
45.b5 Bc7 46.Bc5 Kg8 47.gxh4 gxh4 48.Nf5  1-0

[Event "32nd Open"]
[Site "Sitges ESP"]
[Date "2006.07.24"]
[Round "4"]
[White "Beltran Rueda,S"]
[Black "Losada Cabrera,F"]
[Result "1-0"]
[WhiteElo "2371"]
[BlackElo "2195"]

1.Nf3 d6 2.d4 Nf6 3.c4 Nbd7 4.Nc3 g6 5.e4 Bg7 6.Be2 O-O 7.O-O e5 8.Re1 c6
9.Bf1 Qe7 10.Rb1 Re8 11.d5 c5 12.a3 Nh5 13.b4 f5 14.exf5 gxf5 15.bxc5 Nxc5
16.Nxe5 Bxe5 17.Qxh5 Bxh2+ 18.Kxh2 Qxe1 19.Be2 Re7 20.Qg5+ Kf8 21.Qxe7+  1-0

[Event "Sunny Pawn B"]
[Site "Illichevsk UKR"]
[Date "2006.07.25"]
[Round "6"]
[White "Aliferenko,A"]
[Black "Gerasimenyk,M"]
[Result "0-1"]
[WhiteElo "2246"]
[BlackElo "2211"]

1.d4 Nf6 2.c4 d6 3.Nf3 g6 4.Nc3 Bg7 5.e4 O-O 6.Be2 e5 7.Be3 c6 8.O-O Qc7
9.d5 c5 10.Ne1 Qe7 11.Nd3 Nbd7 12.Rb1 Ne8 13.Kh1 f5 14.exf5 gxf5 15.f4 e4
16.Nf2 Ndf6 17.Rg1 Kh8 18.b4 b6 19.bxc5 bxc5 20.Qa4 Ng4 21.Nxg4 Bd7 22.Qc2 fxg4
23.Rb7 Nf6 24.Rgb1 Rfe8 25.Nb5 Reb8 26.Nxa7 Rxb7 27.Rxb7 Qd8 28.Bd2 Bc8 29.Nxc8 Qxc8
30.Qb1 Ng8 31.Rb3 Bd4 32.Bc3 Qf5 33.Qb2 Qf6 34.Bxg4 Qxf4 35.Bxd4+ cxd4 36.Qxd4+ Nf6
37.Be2 Rxa2 38.g3 Qc1+ 39.Bd1 Kg7 40.Rc3 Qb2 41.Bc2 Ra3 42.Rd3 Qc1+ 43.Rd1 Qxc2
44.Rd2 Qc3  0-1

[Event "Open"]
[Site "Kiel GER"]
[Date "2006.07.25"]
[Round "6"]
[White "Marxen,T"]
[Black "Jochens,A"]
[Result "0-1"]
[WhiteElo "2083"]
[BlackElo "2218"]

1.d4 Nf6 2.Nf3 g6 3.c4 Bg7 4.Nc3 O-O 5.e4 d6 6.Be2 e5 7.O-O Na6 8.Be3 Ng4
9.Bg5 Qe8 10.h3 h6 11.hxg4 hxg5 12.dxe5 dxe5 13.Ne1 c6 14.Qd6 Be6 15.Nc2 Rd8
16.Qa3 Rd2 17.Ne3 Bf6 18.c5 Be7 19.b4 Qc8 20.Rab1 Rfd8 21.Nc4 Rxe2 22.Nxe2 Bxc4
23.Qb2 Bf8 24.f3 Bxe2 25.Qxe2 Nxb4  0-1

[Event "Open"]
[Site "Kiel GER"]
[Date "2006.07.25"]
[Round "6"]
[White "Bendfeldt,T"]
[Black "Reps,D"]
[Result "1/2-1/2"]
[WhiteElo "2075"]
[BlackElo "1837"]

1.d4 Nf6 2.c4 g6 3.Nc3 Bg7 4.e4 d6 5.Be2 O-O 6.Nf3 e5 7.Be3 Ng4 8.Bg5 f6
9.Bh4 g5 10.Bg3 Nh6 11.dxe5 dxe5 12.Qb3 Nc6 13.Rd1 Qe8 14.c5+ Kh8 15.h4 g4
16.Nh2 Nd4 17.Rxd4 exd4 18.Nb5 Qxe4 19.f3 Qb1+ 20.Bd1 Re8+ 21.Kf2 Re3 22.Qc2 Qxa2
23.Nxd4 Re7 24.fxg4 Qd5 25.Nb5 Qe6 26.Bf4 Qc6 27.Nd4 Qe4 28.Qxe4 Rxe4 29.Be3 f5
30.Nb5 fxg4 31.Nxc7 Rb8 32.Re1 g3+ 33.Kf3 Re7 34.Nd5 Rd7 35.Bxh6 Bxh6 36.Ng4 Rf7+
37.Kxg3 Bxg4 38.Kxg4 Rg8+ 39.Kh3 Rd8 40.Bb3 Rfd7 41.g3 Bf8 42.Nf6 Re7 43.Ra1 a6
44.c6 bxc6 45.Rxa6  1/2-1/2

[Event "Czech Open A"]
[Site "Pardubice CZE"]
[Date "2006.07.25"]
[Round "5"]
[White "Pokorny,P"]
[Black "Rykalin,A"]
[Result "1/2-1/2"]
[WhiteElo "2208"]
[BlackElo "2303"]

1.d4 Nf6 2.c4 g6 3.Nc3 Bg7 4.e4 d6 5.Nf3 O-O 6.Be2 e5 7.dxe5 dxe5 8.Qxd8 Rxd8
9.Bg5 c6 10.Nxe5 Re8 11.O-O-O Na6 12.Rd6 Be6 13.f4 Nc5 14.Bf3 h6 15.Bh4 Nh7
16.Bf2 Na6 17.Be2 Nf8 18.Nf3 Nd7 19.e5 g5 20.g3 Nb6 21.Bxb6 axb6 22.Ne4 b5
23.cxb5 cxb5 24.Bxb5 Rec8+ 25.Kd2 Nb4 26.Rc1  1/2-1/2

[Event "Czech Open A"]
[Site "Pardubice CZE"]
[Date "2006.07.25"]
[Round "5"]
[White "Rau,H"]
[Black "Holemar,D"]
[Result "1-0"]
[WhiteElo "2387"]
[BlackElo "2286"]

1.d4 Nf6 2.c4 g6 3.Nc3 Bg7 4.e4 d6 5.Nf3 O-O 6.Be2 Na6 7.O-O e5 8.Be3 h6
9.h3 exd4 10.Nxd4 Nc5 11.Qc2 Re8 12.Bf3 a5 13.Rad1 Nfd7 14.b3 c6 15.g3 Kh7
16.Bg2 Qb6 17.Nde2 Qb4 18.Bd2 Qb6 19.Bf4 Ne5 20.Rxd6 a4 21.Rb1 Qb4 22.Rdd1 axb3
23.axb3 Ra3 24.Na2 Qa5 25.Nac1 Qc7 26.Be3 Qe7 27.Kh2 Ned7 28.Nc3 Bxc3 29.Qxc3 Nxe4
30.Qb2 Ra5 31.Nd3 Ndf6 32.Bd4 Rh5 33.Nf4 Rf5 34.Re1 Qc7 35.Nd3 c5 36.Nxc5 Nxc5
37.Bxf6 Re6 38.Rxe6 Nxe6 39.Re1 Bd7 40.Be5 Qc5 41.f4 Bc6 42.Bxc6 bxc6 43.g4 Rxf4
44.Bxf4 Nxf4 45.Re8 f6 46.Qd2  1-0

[Event "Czech Open A"]
[Site "Pardubice CZE"]
[Date "2006.07.25"]
[Round "5"]
[White "Gavrilov,Al1"]
[Black "Bogner,S"]
[Result "1-0"]
[WhiteElo "2451"]
[BlackElo "2314"]

1.d4 Nf6 2.c4 g6 3.Nc3 Bg7 4.e4 d6 5.Nf3 O-O 6.Be2 e5 7.Be3 Na6 8.O-O Ng4
9.Bg5 Qe8 10.Re1 exd4 11.Nxd4 Qe5 12.Nf3 Qc5 13.Bh4 Be6 14.Nd5 c6 15.Ng5 Nf6
16.Rc1 Bc8 17.e5 Nxd5 18.cxd5 Qxd5 19.exd6 Nb4 20.Bc4 Qxd1 21.Rcxd1 Nd5 22.Ne4 b6
23.Be7 Re8 24.Rxd5 cxd5 25.Bxd5 Be6 26.Bxa8 Rxa8 27.b3 h6 28.Rc1 Rc8 29.Rxc8+ Bxc8
30.Bf6 Bf5 31.f3 Bxe4 32.Bxg7 Bc6 33.Bxh6 f6 34.Kf2 Kf7 35.Ke3 Ke6 36.Bf8 Ke5
37.h4 f5 38.g4 Be8 39.h5 gxh5 40.gxh5 f4+ 41.Kd3 Ke6 42.h6 Bg6+ 43.Kc4 a6
44.a4 Bf5 45.Kb4 Kd7 46.a5 Kc6 47.axb6 Kxb6 48.Kc4 Kc6 49.Kd4 Kd7 50.Ke5 Bc2
51.Kf6  1-0

[Event "XLVIII TCh-POR"]
[Site "Evora POR"]
[Date "2006.07.26"]
[Round "5"]
[White "Cadillon,J"]
[Black "Ribeiro,Fe"]
[Result "0-1"]
[WhiteElo "1882"]
[BlackElo "2262"]

1.Nf3 Nf6 2.d4 g6 3.c4 Bg7 4.Nc3 O-O 5.e4 d6 6.Be2 Nbd7 7.O-O e5 8.dxe5 dxe5
9.Re1 c6 10.Bg5 h6 11.Bxf6 Qxf6 12.b4 Rd8 13.Qc2 Nf8 14.Rad1 Bg4 15.h3 Bxf3
16.Bxf3 Ne6 17.Ne2 h5 18.Qb3 Bf8 19.a3 Ng5 20.Kf1 Kh7 21.Ng1 Ne6 22.Ne2 Bh6
23.Rd3 Rxd3 24.Qxd3 a5 25.Qb3 axb4 26.axb4 Qe7 27.c5 b6 28.cxb6 Ra6 29.Kg1 Rxb6
30.Qc4 Qxb4 31.Qxb4 Rxb4 32.Rd1  0-1

[Event "Czech Open B1"]
[Site "Pardubice CZE"]
[Date "2006.07.26"]
[Round "6"]
[White "Kutynec,V"]
[Black "Goemann,J"]
[Result "1-0"]
[WhiteElo "2326"]
[BlackElo "2176"]

1.Nf3 Nf6 2.c4 g6 3.Nc3 Bg7 4.e4 d6 5.d4 O-O 6.Be2 e5 7.O-O Nbd7 8.Re1 c6
9.Bf1 exd4 10.Nxd4 Ng4 11.Qxg4 Bxd4 12.Qg3 Qf6 13.Be3 Bxe3 14.Rxe3 Ne5 15.Rd1 h5
16.h4 Rd8 17.Be2 Be6 18.b3 Kf8 19.f4 Ng4 20.Red3 Qe7 21.f5 gxf5 22.exf5 Bxf5
23.Rxd6 Rxd6 24.Qxd6 Qxd6 25.Rxd6 Ke7 26.c5 Nf6 27.Rd4 Rd8 28.Rxd8 Kxd8 29.Kf2 Ke7
30.Ke3 Bg6 31.Kf4 Nd7 32.b4 a5 33.a3 axb4 34.axb4 f6 35.g4 hxg4 36.Bxg4 Ne5
37.Be2 Bc2 38.h5 Nd7 39.Bg4 Ne5 40.Bf5 Bxf5 41.Kxf5 Kf7 42.Ne4 Nd3 43.h6 Kg8
44.Kg6 Nf4+ 45.Kf5 Nd3 46.Nxf6+ Kh8 47.Kg6 Nxb4 48.h7 Nd3 49.Nd7 Nf4+ 50.Kh6  1-0

[Event "10th Battle of Senta 1697 Open"]
[Site "Senta SCG"]
[Date "2006.07.26"]
[Round "7"]
[White "Arsovic,Z"]
[Black "Todorovic,J"]
[Result "1/2-1/2"]
[WhiteElo "2441"]
[BlackElo "2363"]

1.Nf3 Nf6 2.c4 g6 3.Nc3 Bg7 4.e4 d6 5.d4 O-O 6.Be2 e5 7.Be3 h6 8.dxe5 Ng4
9.Bd2 Nxe5 10.O-O Nbc6 11.Be3 Be6 12.Nd2 f5 13.exf5 Bxf5 14.Nb3 Qd7 15.Qd2 Kh7
16.Nd5 Rae8 17.Rad1 a6 18.Rfe1 Qf7 19.f3 Be6 20.Bf1 b5 21.cxb5 axb5 22.Bxb5 Rb8
23.Bxc6 Nxc6 24.Nc3 Bxb3 25.axb3 Qxb3 26.Qd3 Nb4  1/2-1/2

[Event "10th Battle of Senta 1697 Open"]
[Site "Senta SCG"]
[Date "2006.07.26"]
[Round "7"]
[White "Stevanovic,S"]
[Black "Halasi,J"]
[Result "0-1"]
[WhiteElo "2253"]
[BlackElo "2133"]

1.d4 Nf6 2.Nf3 g6 3.c4 Bg7 4.Nc3 d6 5.e4 O-O 6.Be2 Nbd7 7.O-O e5 8.Re1 c6
9.h3 exd4 10.Nxd4 Nc5 11.Bf3 Nfd7 12.Be3 a5 13.b3 f5 14.exf5 gxf5 15.Bxc6 bxc6
16.Nxc6 Qh4 17.Rc1 Ne4 18.g3 Nxg3 19.Qxd6 Ne4 20.Nxe4 fxe4 21.Ne7+ Kh8 22.Bd4 Ne5
23.Re3 Qxf2+ 24.Kh1 Ra6  0-1

[Event "Dutch Open"]
[Site "Dieren NED"]
[Date "2006.07.27"]
[Round "3"]
[White "De Saegher,C"]
[Black "Van Delft,M"]
[Result "0-1"]
[WhiteElo "2203"]
[BlackElo "2382"]

1.d4 Nf6 2.Nf3 g6 3.c4 Bg7 4.Nc3 O-O 5.e4 d6 6.Be2 e5 7.Be3 Na6 8.O-O Ng4
9.Bg5 Qe8 10.dxe5 dxe5 11.Nd2 f6 12.Bxg4 fxg5 13.a3 Nc5 14.b4 Bxg4 15.Qxg4 Ne6
16.Nd5 Rd8 17.Rad1 c6 18.Ne3 h5 19.Qe2 Nf4 20.Qe1 Rd3 21.c5 b5 22.cxb6 axb6
23.Ndc4 b5 24.Rxd3 Nxd3 25.Qc3 Nf4 26.Qc2 bxc4 27.Qxc4+ Qe6 28.Rc1 Qxc4 29.Rxc4 Ne2+
30.Kf1 Nd4  0-1

[Event "Czech Open A"]
[Site "Pardubice CZE"]
[Date "2006.07.27"]
[Round "7"]
[White "Gavrilov,Al1"]
[Black "Lyanguzov,O"]
[Result "1-0"]
[WhiteElo "2451"]
[BlackElo "2355"]

1.d4 Nf6 2.c4 g6 3.Nc3 Bg7 4.e4 d6 5.Nf3 O-O 6.Be2 e5 7.Be3 Ng4 8.Bg5 f6
9.Bc1 Nc6 10.d5 Ne7 11.h3 Nh6 12.h4 Nf7 13.h5 f5 14.hxg6 hxg6 15.Qd3 Bf6
16.exf5 Bxf5 17.Ne4 Kg7 18.g4 Bxg4 19.Rh7+ Kxh7 20.Nxf6+ Kg7 21.Nxg4 Nf5
22.Bd2 Qe7 23.O-O-O Rh8 24.Rg1 Kf8 25.Qe4 Re8 26.Kb1 b6 27.Bd1 a6 28.a3 Rb8
29.Bc2 Rh5 30.Bc1 a5 31.Ne3 Qf6 32.Qg4 N5h6 33.Qxg6 Qxf3 34.Bd1  1-0

[Event "10th Battle of Senta 1697 Open"]
[Site "Senta SCG"]
[Date "2006.07.27"]
[Round "8"]
[White "Damjanovic,D"]
[Black "Farkas,Ti"]
[Result "1/2-1/2"]
[WhiteElo "2273"]
[BlackElo "2313"]

1.d4 Nf6 2.c4 g6 3.Nc3 Bg7 4.e4 d6 5.Be2 O-O 6.Nf3 Nbd7 7.O-O e5 8.Re1 c6
9.Bf1 Qe7 10.d5 c5 11.a3 Ne8 12.Bg5 f6 13.Bh4 h5 14.h3 Bh6 15.Nh2 Qg7 16.f3 f5
17.Bf2 f4 18.b4 b6 19.Rb1 g5 20.Be2 Rf6 21.bxc5 dxc5 22.a4 a5 23.Nb5 Qf7
24.Rf1 Ba6 25.Be1 Bxb5 26.Rxb5 Nd6 27.Rb3 Rf8 28.Bc3 Rg6 29.Qb1 Bg7 30.Qd3 Bf6
31.Rfb1 Bd8 32.Qc2 Qe7 33.Kf1 Bc7 34.Ke1 Re8 35.Kd1 Qh7 36.Kc1 Qe7 37.R1b2 Rf8
38.Kb1 Qe8 39.Ka2 Kh7 40.Ka3 Qd8 41.Rb1 Rfg8 42.Nf1 Re8 43.Nd2 Qe7 44.Rh1 Reg8
45.Rbb1 Nb8 46.Qb2 Nd7 47.Nb3 Ra8 48.Nc1 h4 49.Kb3 Rgg8 50.Nd3 Rge8 51.Nf2 Nf6
52.Ka3 Kg6 53.Qa1 Ra6 54.Rb3 Raa8 55.Rhb1 Ra6 56.Qb2 Kf7 57.Qc2 Nd7 58.Ng4 Kg7
59.Qb2 Kg6 60.Qa1 Kg7 61.R1b2 Kg6 62.Qb1 Rb8 63.Bd2 Kg7 64.Nf2 Kg6 65.Nd1 Kg7
66.Qa1 Kf6 67.Rb1 Raa8 68.Bc3 Ra6 69.Bb2 Kg6 70.Nf2 Re8 71.Ka2 Kg7 72.Bc3 Kg6
73.Bb2 Kg7 74.Nd1 Kg6 75.Nc3 Raa8 76.Rd1 Kf6 77.Nb1 Ra6 78.Na3 Raa8 79.Bc3 Reb8
80.Bb2 Re8 81.Rbd3 Qf8 82.R1d2 Rad8 83.Bd1 Rb8 84.Bb3 Rbd8 85.Qd1 Bb8 86.Bc3 Rc8
87.Kb1 Rcd8 88.Rb2 Rc8 89.Ba2 Bc7 90.Ka1 Rcd8 91.Qb1 Rb8 92.Rbd2 Rec8 93.Qb2 Bd8
94.Rd1 Ra8 95.R3d2 Rab8 96.Nb5 Nxb5 97.Qxb5 Qd6 98.Rb1 Ra8 99.Qb2 Bc7 100.Qb5 Bd8
101.Rdb2 Kf7 102.Qb3 Kf6 103.Qc2 Bc7 104.Rb5 Rcb8 105.R1b3 Ra6 106.Qb2 Rba8  1/2-1/2

[Event "Dutch Open"]
[Site "Dieren NED"]
[Date "2006.07.29"]
[Round "5"]
[White "Timman,T"]
[Black "Drost,P"]
[Result "1/2-1/2"]
[WhiteElo "2260"]
[BlackElo "2118"]

1.Nf3 Nf6 2.c4 g6 3.Nc3 Bg7 4.e4 d6 5.d4 O-O 6.Be2 e5 7.d5 a5 8.Bg5 h6 9.Bh4 Qe8
10.Nd2 Na6 11.a3 Bd7 12.b3 Nh7 13.f3 h5 14.Bf2 Qe7 15.b4 axb4 16.axb4 Nxb4
17.Rb1 c5 18.dxc6 Nxc6 19.Rxb7 Qe6 20.O-O Rab8 21.Rxb8 Rxb8 22.Nb5 Qe7 23.Nb1 Bf8
24.Qd2 Be6 25.Rd1 Rd8 26.Bb6 Rd7 27.N1c3 f6 28.Nd5 Qf7 29.Ndc7 h4 30.Ra1 Ng5
31.Ra8 Kh7 32.Nxe6 Nxe6 33.Qd5 Nb4 34.Qd2 Nc6 35.Qd5 Nb4  1/2-1/2

[Event "Sunny Pawn A"]
[Site "Illichevsk UKR"]
[Date "2006.07.29"]
[Round "9"]
[White "Savchenko,S"]
[Black "Vovk,Y"]
[Result "0-1"]
[WhiteElo "2508"]
[BlackElo "2441"]

1.d4 Nf6 2.c4 g6 3.Nc3 Bg7 4.e4 d6 5.Nf3 O-O 6.Be2 e5 7.O-O exd4 8.Nxd4 Re8
9.f3 Nc6 10.Be3 Nh5 11.Qd2 Nf4 12.Rfd1 Nxe2+ 13.Ncxe2 Ne5 14.Rac1 Bd7 15.b3 a6
16.Nc3 f6 17.Nde2 Nf7 18.Nd5 f5 19.exf5 Bxf5 20.Ng3 Be6 21.Re1 Rc8 22.Rcd1 c6
23.Nb6 Rb8 24.a4 Qh4 25.Bd4 Bh6 26.Qf2 Bf4 27.Nf1 Qh5 28.Re4 g5 29.Ng3 Qh6
30.Be3 Bxg3 31.hxg3 Bf5 32.Rxe8+ Rxe8 33.g4 Bc2 34.Qxc2 Rxe3 35.Qf5 Rxb3
36.Qc8+ Qf8 37.Qxb7 Ne5 38.Qc7 Rb2 39.Rf1 Nd3 40.Nd7 Qe7 41.Qxc6 Nf4 42.Qc8+ Kg7
43.c5 Rxg2+ 44.Kh1 Rh2+  0-1

[Event "Czech Open A"]
[Site "Pardubice CZE"]
[Date "2006.07.29"]
[Round "9"]
[White "Angskog,K"]
[Black "Batakovs,O"]
[Result "1-0"]
[WhiteElo "2269"]
[BlackElo "2195"]

1.Nf3 Nf6 2.c4 g6 3.Nc3 Bg7 4.e4 d6 5.d4 O-O 6.Be2 e5 7.Bg5 c6 8.O-O Bg4
9.d5 c5 10.Qd2 Nbd7 11.a3 a5 12.h3 Bxf3 13.Bxf3 Qb6 14.Nb5 Kh8 15.b4 axb4
16.axb4 cxb4 17.Qxb4 Nc5 18.Be3 Nfd7 19.Rxa8 Rxa8 20.Bg4 Rd8 21.Ra1 Bf8 22.Bxd7 Rxd7
23.Ra8 Rd8 24.Qa3 Kg7 25.Rxd8 Qxd8 26.Bxc5 dxc5 27.Qa7 Qg5 28.Qa1 Kf6 29.Qd1 Ke7
30.g3 Qf6 31.Qa1 Qg5 32.d6+ Kd7 33.Qa8 Qc1+ 34.Kg2 Qxc4 35.Qxb7+  1-0

[Event "15th Open A"]
[Site "Vienna AUT"]
[Date "2006.07.30"]
[Round "2"]
[White "Hangweyrer,R"]
[Black "Wittmann,W"]
[Result "1/2-1/2"]
[WhiteElo "2178"]
[BlackElo "2361"]

1.c4 Nf6 2.Nf3 g6 3.Nc3 Bg7 4.e4 d6 5.d4 O-O 6.Be2 e5 7.O-O Na6 8.Bg5 h6
9.Bd2 exd4 10.Nxd4 Re8 11.Bf3 Nc5 12.Qc2 a5 13.Rfe1 Nh7 14.Nb3 Ne6 15.Rad1 a4
16.Nc1 Nd4 17.Qd3 Ng5 18.Be2 Nge6 19.Be3 Bd7 20.Bf1 Bc6 21.f3 Qh4  1/2-1/2

[Event "15th Open A"]
[Site "Vienna AUT"]
[Date "2006.07.30"]
[Round "2"]
[White "Beckhuis,G"]
[Black "Kahlbacher,H"]
[Result "1-0"]
[WhiteElo "2327"]
[BlackElo "2069"]

1.Nf3 Nf6 2.c4 g6 3.Nc3 Bg7 4.e4 d6 5.d4 Nbd7 6.Be2 O-O 7.O-O e5 8.Qc2 exd4
9.Nxd4 Re8 10.Rd1 Nc5 11.f3 Ne6 12.Nb3 Nd7 13.Nd5 b6 14.Be3 Bb7 15.Bf1 a5
16.Qf2 a4 17.Nd4 Ndc5 18.Rac1 Nxd4 19.Bxd4 Ne6 20.Bxg7 Kxg7 21.Rc3 c5 22.Ne3 Qe7
23.Rcd3 Red8 24.Qg3 Qf6 25.Nf5+ Kf8 26.Nxd6 Bc6 27.e5 Qf4 28.Qxf4 Nxf4 29.R3d2 Ne6
30.h4 Nd4 31.h5 f6 32.f4 Ke7 33.Bd3 f5 34.Kf2 Ke6 35.Rh1 Rg8 36.Nb5 gxh5
37.Rh2 Bxb5 38.cxb5 Rg4 39.g3 h4 40.Rxh4 Rxh4 41.Bc4+ Ke7 42.gxh4 Ra5 43.Ke3 Nxb5
44.Rg2 a3 45.b3 Nd4 46.Bd5 Kf8 47.Kd3 Rb5 48.Rg8+ Ke7 49.Rg7+ Kf8 50.Rxh7 Rb4
51.h5 Nb5 52.Bc4 Nd4 53.h6 b5 54.Bd5 Nxb3 55.Bxb3 c4+ 56.Bxc4 Rxc4 57.Rb7 Rxf4
58.Rb8+  1-0

[Event "15th Open A"]
[Site "Vienna AUT"]
[Date "2006.07.30"]
[Round "2"]
[White "Baernthaler,M"]
[Black "Schmid,T1"]
[Result "0-1"]
[WhiteElo "2005"]
[BlackElo "2117"]

1.d4 Nf6 2.c4 g6 3.Nc3 Bg7 4.Nf3 O-O 5.e4 d6 6.Be2 e5 7.dxe5 dxe5 8.Qxd8 Rxd8
9.Bg5 Re8 10.Nd5 Nxd5 11.cxd5 c6 12.Bc4 cxd5 13.Bxd5 Nd7 14.O-O h6 15.Be3 Nf6
16.Rac1 Nxd5 17.exd5 Rd8 18.Rc7 Rxd5 19.Rfc1 Rd8 20.Nd2 b6 21.Re7 Be6 22.b3 Bf8
23.Rec7 Rac8 24.Kf1 Bg7 25.Ke2 Rxc7 26.Rxc7 Rd7 27.Rc6 Kh7 28.f3 Bd5 29.Rc1 f5
30.Bf2 Kg8 31.Bg3 Kf7 32.h3 Ke6 33.Nf1 Bb7 34.Be1 Bf8 35.Kf2 Ba3 36.Rc2 Bc5+
37.Kg3 Rd1  0-1

[Event "15th Open A"]
[Site "Vienna AUT"]
[Date "2006.07.30"]
[Round "2"]
[White "Schulz,M2"]
[Black "Solonar,S"]
[Result "0-1"]
[WhiteElo "2165"]
[BlackElo "2346"]

1.Nf3 Nf6 2.c4 g6 3.Nc3 Bg7 4.d4 O-O 5.e4 d6 6.Be2 Nbd7 7.O-O e5 8.Be3 Qe7
9.d5 c5 10.dxc6 bxc6 11.Rc1 Nc5 12.Qc2 a5 13.h3 Rb8 14.Rfd1 Bb7 15.Rd2 Ne6
16.Rcd1 c5 17.Qa4 Nxe4 18.Nxe4 Bxe4 19.Rxd6 Nd4 20.Nxd4 cxd4 21.c5 Rxb2 22.Rd2 Rb4
23.Qxa5 Rb1+ 24.Bf1 dxe3 25.fxe3 Qg5 26.Qc3 Bh6  0-1